000 00616nam a2200253Ia 4500
005 20250425160742.0
008 250425s9999 xx 000 0 und d
020 _a8448108450
041 _aspa
082 _a658.83
100 _aDILLON, WILLIAM R.
245 0 _aLA INVESTIGACION DE MERCADOS EN UN ENTORNO DE MARKETING
250 _a3A ED.
260 _aBOGOTA
260 _aColombia
_bMCGRAW HILL
_c1997
300 _a735
650 _aINVESTIGACION DE MERCADOS
650 _aMARKETING
650 _aMUESTREO
650 _aPLANIFICACION
650 _aPUBLICIDAD
942 _c01
010 _a4405
999 _c195431
_d195431